Chemical Reactivity and Reaction Paths /

Chemical Reactivity and Reaction Paths. Empirical and Semiempirical Calculations of chemical Reactivity and Reaction paths. Intermolecular Interactions and Chemical Reactivity. The Generalized Perturbation Theory of chemical Reactivity and Its...

Spremljeno u:
Bibliografski detalji
Glavni autor: Klopman, Gilles.
Format: Knjiga
Jezik:English
Izdano: USA : John Wiley and Sons, 1974.
Teme:
Oznake: Dodaj oznaku
Bez oznaka, Budi prvi tko označuje ovaj zapis!
Thư viện lưu trữ: Mạng thư viện Đại học Đà Nẵng
LEADER 01086cam a2200349 i 4500
001 000042816
003 691
005 20030217152816.0
008 010217|1974 vm 000 eng
020 |a 0471493554 
022 |a T 
040 |a IRC  |c IRC  |d IRC 
041 0 |a eng 
082 1 4 |a 541.393  |b KL-G 
100 1 |a Klopman, Gilles. 
245 0 0 |a Chemical Reactivity and Reaction Paths /  |c Gilles Klopman. 
260 |a USA :  |b John Wiley and Sons,  |c 1974. 
300 |a 369p. ;  |c 24cm. 
520 3 |a Chemical Reactivity and Reaction Paths. Empirical and Semiempirical Calculations of chemical Reactivity and Reaction paths. Intermolecular Interactions and Chemical Reactivity. The Generalized Perturbation Theory of chemical Reactivity and Its... 
630 0 4 |a Chemistry. 
650 0 4 |a Chemical Reactivity. 
650 0 4 |a Reaction paths. 
OWN |a DUT 
999 |a From the UDN01 
TYP |a Monograph 
TYP |a Printed language 
980 |a Mạng thư viện Đại học Đà Nẵng